000 01333cam a2200241 4500
001 L152697
008 110414n2009 000 0 eng u
020 _a9780748630639
035 _a(Sirsi) u152697
041 _aeng
050 _a614.7
_c18
100 _aWarren, Charles
245 _aManaging Scotland's environment
_h[electronic resource]
250 _a2nd ed.
260 _aEdinburgh
_bEdinburgh University Press
_c2009
300 _aeBook
520 _aThis eBook considers land reform, the future of farming, public access, conservation of moorland and birds of prey, the place of forestry, and the control of alien species and red deer - and takes up the challenge of integrating conservation with social and economic objectives. The second edition includes a new chapter on energy and the environment, taking in the highest profile environmental issue in Scotland at present: the windfarm controversy, and debates about the appropriate energy mix for the future. In addition, the book has been updated throughout to take account of recent changes in environmental and related social and political issues.
650 2 4 _aEBOOK
651 4 _aScotland
_y1999-
690 _aEnvironment
_96238
856 4 0 _uhttps://www.vlebooks.com/
_zView on VLEbooks. Logins for members only from [email protected]
942 _n0
999 _c112170
_d112170